[Event "BOL-ch"]
[Site "Santa Cruz"]
[Date "2023.06.11"]
[Round "9"]
[White "Parraga, Alejandro"]
[Black "Zambrana, Oswaldo"]
[Result "1/2-1/2"]
[WhiteElo "2071"]
[BlackElo "2386"]
[PlyCount "29"]
[EventDate "2023.06.06"]
[EventType "tourn"]
[EventRounds "9"]
[EventCountry "BOL"]
[SourceTitle "CBM 215 Extra"]
[Source "ChessBase"]
[SourceDate "2023.09.30"]
[SourceVersion "1"]
[SourceVersionDate "2023.09.30"]
[SourceQuality "1"]

1. d4 Nf6 2. Nf3 d5 3. c4 e6 4. Nc3 c6 5. e3 Nbd7 6. Bd3 dxc4 7. Bxc4 b5 8. Bd3 Bb7 9. 0-0 a6 10. Qe2 c5 11. Rd1 cxd4 12. exd4 Be7 13. Bg5 0-0 14. Rac1 Rc8 15. a3 1/2-1/2

[Event "BOL-ch"]
[Site "Santa Cruz"]
[Date "2023.06.10"]
[Round "7"]
[White "Parraga, Alejandro"]
[Black "Almendras, Elias"]
[Result "1/2-1/2"]
[WhiteElo "2071"]
[BlackElo "1942"]
[PlyCount "49"]
[EventDate "2023.06.06"]
[EventType "tourn"]
[EventRounds "9"]
[EventCountry "BOL"]
[SourceTitle "CBM 215 Extra"]
[Source "ChessBase"]
[SourceDate "2023.09.30"]
[SourceVersion "1"]
[SourceVersionDate "2023.09.30"]
[SourceQuality "1"]

1. d4 d5 2. c4 dxc4 3. e3 e5 4. Bxc4 exd4 5. exd4 Bb4+ 6. Nc3 Nc6 7. Nf3 Nf6 8. h3 0-0 9. 0-0 h6 10. Be3 a6 11. a3 Bd6 12. Qd3 Ne7 13. Rad1 Bf5 14. Qd2 Ne4 15. Nxe4 Bxe4 16. Ne5 Nd5 17. Rfe1 Qh4 18. Bd3 Nxe3 19. Qxe3 Bd5 20. Be4 Bxe4 21. Qxe4 Qxe4 22. Rxe4 Rfe8 23. Re3 Rad8 24. Nc4 Bf8 25. Red3 1/2-1/2

[Event "BOL-ch"]
[Site "Santa Cruz"]
[Date "2023.06.07"]
[Round "3"]
[White "Parraga, Alejandro"]
[Black "Gemy Vargas, Jose Daniel"]
[Result "0-1"]
[WhiteElo "2071"]
[BlackElo "2330"]
[PlyCount "89"]
[EventDate "2023.06.06"]
[EventType "tourn"]
[EventRounds "9"]
[EventCountry "BOL"]
[SourceTitle "CBM 215 Extra"]
[Source "ChessBase"]
[SourceDate "2023.09.30"]
[SourceVersion "1"]
[SourceVersionDate "2023.09.30"]
[SourceQuality "1"]

1. d4 Nf6 2. Nf3 e6 3. Bf4 c5 4. e3 Nc6 5. c3 d5 6. Nbd2 Bd6 7. Bg3 Qe7 8. Bb5 0-0 9. dxc5 Bxg3 10. hxg3 e5 11. Qa4 e4 12. Nd4 Ne5 13. c6 bxc6 14. Nxc6 Nxc6 15. Bxc6 Rb8 16. Nb3 a6 17. Qd4 Rd8 18. 0-0-0 Bg4 19. Rd2 Rbc8 20. Qa4 Rd6 21. Nd4 Rcxc6 22. Nxc6 Qd7 23. Qxa6 Rxc6 24. Qa8+ Rc8 25. Qa5 Qb7 26. Kb1 Ra8 27. Qb4 Qa6 28. b3 Be2 29. a4 Bd3+ 30. Ka2 Nd7 31. Rhd1 Rb8 32. Qa3 Qc6 33. Rc1 Nc5 34. Rb2 Ra8 35. a5 Qb5 36. b4 Bc4+ 37. Kb1 Nd3 38. Rd2 Ra6 39. Rh1 Ne5 40. Rh5 Bd3+ 41. Kc1 Nc4 42. Qa2 g6 43. Rh1 Nxd2 44. Qxd2 Rxa5 45. Rh3 0-1

[Event "La Paz op"]
[Site "La Paz"]
[Date "2022.09.18"]
[Round "7"]
[White "Monroy Garzon, Nataly Alejandra"]
[Black "Parraga, Alejandro"]
[Result "1/2-1/2"]
[WhiteElo "1906"]
[BlackElo "2096"]
[PlyCount "126"]
[EventDate "2022.09.15"]
[EventType "swiss"]
[EventRounds "7"]
[EventCountry "BOL"]
[SourceTitle "EXT 2023"]
[Source "ChessBase"]
[SourceDate "2022.10.05"]
[SourceVersion "1"]
[SourceVersionDate "2022.10.05"]
[SourceQuality "1"]

1. Nf3 Nf6 2. g3 g6 3. Bg2 Bg7 4. c4 0-0 5. 0-0 c6 6. d3 d5 7. Nbd2 Re8 8. e4 dxe4 9. dxe4 e5 10. c5 Na6 11. Qc2 Qe7 12. Nb3 Be6 13. Be3 Bxb3 14. axb3 Ng4 15. Rfc1 Nxe3 16. fxe3 Bh6 17. Kf2 Bf8 18. Ra5 Nb4 19. Qc3 b6 20. cxb6 axb6 21. Rxa8 Rxa8 22. Bf1 Ra5 23. h4 Na2 24. Qxc6 Nxc1 25. Qxc1 Rc5 26. Qd1 Qc7 27. g4 Rc2+ 28. Kg3 Rc1 29. Qd3 Qc2 30. Qxc2 Rxc2 31. Bc4 h6 32. h5 Kg7 33. g5 hxg5 34. Nxg5 gxh5 35. Bd5 h4+ 36. Kh3 Rf2 37. Kxh4 Be7 38. Kg3 Rd2 39. Nf3 Rxb2 40. Kg4 Kf6 41. Nh4 Bc5 42. Nf5 Rd2 43. Bc4 Rd7 44. Kf3 Kg5 45. Bb5 Rd2 46. Bc4 f6 47. Bf1 Rb2 48. Bc4 Bb4 49. Ng3 Rh2 50. Nf1 Rc2 51. Ng3 Be1 52. Ne2 Rd2 53. Be6 b5 54. Bf7 f5 55. Bd5 Kf6 56. Bc6 b4 57. Bb5 Rb2 58. Bc4 Rb1 59. exf5 Bd2 60. Ng3 Rb2 61. Be6 Be1 62. Ne4+ Ke7 63. Bc4 Bh4 1/2-1/2

[Event "La Paz op"]
[Site "La Paz"]
[Date "2022.09.17"]
[Round "6"]
[White "Parraga, Alejandro"]
[Black "Ticona Rocabado, Licael Roderick"]
[Result "1/2-1/2"]
[WhiteElo "2096"]
[BlackElo "2262"]
[PlyCount "97"]
[EventDate "2022.09.15"]
[EventType "swiss"]
[EventRounds "7"]
[EventCountry "BOL"]
[SourceTitle "EXT 2023"]
[Source "ChessBase"]
[SourceDate "2022.10.05"]
[SourceVersion "1"]
[SourceVersionDate "2022.10.05"]
[SourceQuality "1"]

1. d4 d5 2. c4 e6 3. Nc3 Nf6 4. cxd5 exd5 5. Bg5 c6 6. e3 Bd6 7. Qc2 h6 8. Bh4 Be6 9. Bd3 Nbd7 10. Nge2 0-0 11. Bg3 Qe7 12. 0-0 Bxg3 13. Nxg3 c5 14. dxc5 Nxc5 15. Rac1 Nxd3 16. Qxd3 Rac8 17. Nb5 Qb4 18. Qb3 Qd2 19. Rcd1 Qc2 20. Nd4 Qxb3 21. axb3 Bd7 22. f3 Rc7 23. Rc1 Rfc8 24. Nge2 Rxc1 25. Rxc1 Rxc1+ 26. Nxc1 Ne8 27. Nd3 Nc7 28. Nc5 Bc8 29. Kf2 Kf8 30. Ke2 Ke7 31. Kd2 Kd6 32. Nd3 Bd7 33. Nf4 g6 34. g3 a6 35. Nfe2 Ne8 36. Nf4 Nf6 37. g4 h5 38. gxh5 Nxh5 39. Nxh5 gxh5 40. h4 Ke5 41. Ne2 f6 42. Ng3 Be8 43. f4+ Ke6 44. Kd3 b6 45. Kd4 Bf7 46. b4 Be8 47. Kc3 Bf7 48. Kd4 Be8 49. Kc3 1/2-1/2

[Event "La Paz Casa Argentina op"]
[Site "La Paz"]
[Date "2022.06.16"]
[Round "2"]
[White "Parraga, Alejandro"]
[Black "Montevilla Cahuasa, Elias Alejandro"]
[Result "1-0"]
[WhiteElo "2096"]
[BlackElo "1428"]
[PlyCount "65"]
[EventDate "2022.06.16"]
[EventType "swiss"]
[EventRounds "7"]
[EventCountry "BOL"]
[SourceTitle "EXT 2023"]
[Source "ChessBase"]
[SourceDate "2022.10.05"]
[SourceVersion "1"]
[SourceVersionDate "2022.10.05"]
[SourceQuality "1"]

1. d4 b6 2. Bf4 Bb7 3. e3 e6 4. Nf3 Nf6 5. Bd3 Be7 6. h3 0-0 7. 0-0 d5 8. Ne5 Nbd7 9. Nd2 c5 10. c3 Rc8 11. Qe2 Ne4 12. Nxe4 dxe4 13. Ba6 Bxa6 14. Qxa6 Nxe5 15. Bxe5 Bd6 16. Bxd6 Qxd6 17. Qxa7 cxd4 18. cxd4 Rc7 19. Qa6 Rfc8 20. Qb5 h6 21. Rad1 Rc4 22. Rd2 Rb4 23. Qe2 Rbc4 24. f3 exf3 25. Qxf3 R8c7 26. a3 b5 27. Qa8+ Kh7 28. Qe4+ Kg8 29. Rdf2 b4 30. axb4 Qxb4 31. Qe5 Rc2 32. Qf4 Qxb2 33. Qxc7 1-0

[Event "BOL-ch"]
[Site "Santa Cruz"]
[Date "2021.12.17"]
[Round "4"]
[White "Parraga, Alejandro"]
[Black "Cueto Chajtur, Johny"]
[Result "1-0"]
[WhiteElo "2133"]
[BlackElo "2241"]
[PlyCount "113"]
[EventDate "2021.12.15"]
[EventType "tourn"]
[EventRounds "9"]
[EventCountry "BOL"]
[SourceTitle "CBM 205 Extra"]
[Source "ChessBase"]
[SourceDate "2022.01.31"]
[SourceVersion "1"]
[SourceVersionDate "2022.01.31"]
[SourceQuality "1"]

1. c4 e5 2. e3 f5 3. Nc3 Nf6 4. d4 e4 5. h4 c6 6. Nh3 Na6 7. Qb3 Qb6 8. Qa4 Qb4 9. Qc2 Qe7 10. a3 Nc7 11. Bd2 g6 12. Nf4 Bh6 13. g3 0-0 14. c5 Bxf4 15. gxf4 d5 16. cxd6 Qxd6 17. Na4 Ncd5 18. Rc1 Rf7 19. b4 Be6 20. Nb2 Nb6 21. a4 Rc7 22. Qc5 Rd8 23. Qxd6 Rxd6 24. b5 Bd5 25. Be2 Rd8 26. 0-0 h6 27. a5 Nc8 28. Nc4 g5 29. fxg5 hxg5 30. h5 g4 31. Ne5 Kg7 32. a6 bxa6 33. bxc6 Rh8 34. Ng6 Rxh5 35. Nf4 Rh6 36. Bxa6 Nb6 37. Nxd5 Nfxd5 38. Bb5 Kf6 39. Kg2 Ke6 40. Rh1 Rg6 41. Rh8 Rcg7 42. Be2 Kd6 43. Rf8 Rf6 44. Bb4+ Kc7 45. Rxf6 Nxf6 46. Bf8 Rh7 47. Bb5 Nfd5 48. Ra1 Nc8 49. Bc5 Nde7 50. Ra6 Kb8 51. Bc4 Rg7 52. d5 Nb6 53. Bxb6 axb6 54. Rxb6+ Kc7 55. Rb7+ Kd6 56. Rd7+ Kc5 57. Ba2 1-0

[Event "La Paz Tricolor op"]
[Site "La Paz"]
[Date "2021.08.08"]
[Round "6"]
[White "Parraga, Alejandro"]
[Black "Delgadillo, Adonai"]
[Result "0-1"]
[WhiteElo "2119"]
[BlackElo "2236"]
[PlyCount "72"]
[EventDate "2021.08.06"]
[EventType "swiss"]
[EventRounds "6"]
[EventCountry "BOL"]
[SourceTitle "EXT 2022"]
[Source "ChessBase"]
[SourceDate "2021.10.06"]
[SourceVersion "1"]
[SourceVersionDate "2021.10.06"]
[SourceQuality "1"]

1. d4 Nf6 2. Nc3 d5 3. Bf4 e6 4. e3 Bb4 5. Bd3 c5 6. dxc5 Bxc3+ 7. bxc3 0-0 8. Nf3 Nc6 9. 0-0 Re8 10. Bb5 Bd7 11. Bg5 Ne7 12. Bd3 Rc8 13. Rb1 Qc7 14. Bxf6 gxf6 15. e4 Qxc5 16. e5 Ng6 17. exf6 Qxc3 18. Ng5 Qxf6 19. Qh5 Qg7 20. Rxb7 Rcd8 21. Rfb1 h6 22. Nh3 e5 23. Rxa7 e4 24. Bf1 Re5 25. Rxd7 Rxh5 26. Rxd8+ Kh7 27. g3 Qf6 28. Rdb8 Rf5 29. R8b6 Qe5 30. R6b3 Rf6 31. a4 Qc7 32. R1b2 Qc5 33. Ra2 d4 34. Rb5 Qc3 35. Rb3 Qe1 36. c4 d3 0-1

[Event "La Paz Adalp op"]
[Site "La Paz"]
[Date "2020.02.07"]
[Round "1"]
[White "Rocha, Ignacio"]
[Black "Parraga, Alejandro"]
[Result "1/2-1/2"]
[WhiteElo "1770"]
[BlackElo "2124"]
[PlyCount "113"]
[EventDate "2020.02.07"]
[EventType "swiss"]
[EventRounds "9"]
[EventCountry "BOL"]
[SourceTitle "CBM 195 Extra"]
[Source "ChessBase"]
[SourceDate "2020.05.31"]
[SourceVersion "1"]
[SourceVersionDate "2020.05.31"]
[SourceQuality "1"]

1. e4 e6 2. d4 d5 3. Nc3 h6 4. Nf3 Nf6 5. Bd3 Bb4 6. exd5 exd5 7. Qe2+ Be6 8. a3 Bxc3+ 9. bxc3 0-0 10. 0-0 Bg4 11. h3 Re8 12. Be3 Bxf3 13. Qxf3 Nbd7 14. Bf4 Ne4 15. Bxe4 Rxe4 16. Qg3 Qf6 17. Bxc7 Rc8 18. Rfe1 Qc6 19. Be5 Nxe5 20. dxe5 Qxc3 21. Qxc3 Rxc3 22. Rxe4 dxe4 23. Rb1 b6 24. Rb4 Rxa3 25. Rxe4 Rc3 26. Ra4 a5 27. Ra2 g5 28. Rb2 Rc6 29. g3 Kf8 30. Kg2 Ke7 31. Kf3 Kd7 32. Ke4 Kc7 33. Kd4 Rc5 34. c4 Kc6 35. f4 gxf4 36. gxf4 a4 37. f5 a3 38. Ra2 Ra5 39. e6 fxe6 40. fxe6 Kd6 41. Kc3 Kxe6 42. Kb3 Kd6 43. Kb4 h5 44. Rxa3 Rxa3 45. Kxa3 Kc5 46. Kb3 Kd4 47. Kb4 Kd3 48. Kb3 h4 49. Kb4 Kc2 50. c5 bxc5+ 51. Kxc5 Kd3 52. Kb4 Ke3 53. Kc3 Kf3 54. Kd3 Kg3 55. Ke3 Kxh3 56. Kf3 Kh2 57. Kf2 1/2-1/2

[Event "BOL-ch sf"]
[Site "Sucre"]
[Date "2018.07.08"]
[Round "9"]
[White "Bolanos, Fernando"]
[Black "Parraga, Alejandro"]
[Result "1/2-1/2"]
[WhiteElo "2185"]
[BlackElo "2151"]
[PlyCount "68"]
[EventDate "2018.07.04"]
[EventType "tourn"]
[EventRounds "9"]
[EventCountry "BOL"]
[SourceTitle "EXT 2019"]
[Source "ChessBase"]
[SourceDate "2018.10.10"]
[SourceVersion "1"]
[SourceVersionDate "2018.10.10"]
[SourceQuality "1"]

1. e4 c5 2. Nf3 e6 3. d4 cxd4 4. Nxd4 a6 5. c4 Nf6 6. Nc3 Bb4 7. f3 Qc7 8. Be3 0-0 9. Qb3 Bxc3+ 10. Qxc3 d5 11. cxd5 Qxc3+ 12. bxc3 exd5 13. e5 Re8 14. exf6 Rxe3+ 15. Kd2 Re8 16. fxg7 Nc6 17. Bd3 Nxd4 18. cxd4 Bd7 19. Rad1 Bc6 20. Rhe1 Kxg7 21. f4 f6 22. g4 h6 23. h4 Kg8 24. g5 hxg5 25. fxg5 fxg5 26. hxg5 Kg7 27. g6 Rxe1 28. Rxe1 Re8 29. Rh1 Re7 30. Rh5 Be8 31. Rxd5 Bxg6 32. Bxg6 Kxg6 33. Rd6+ Kf7 34. Kd3 Rc7 1/2-1/2

[Event "BOL-ch sf"]
[Site "Sucre"]
[Date "2018.07.07"]
[Round "7"]
[White "Parraga, Alejandro"]
[Black "Campero, Ronald"]
[Result "1-0"]
[WhiteElo "2151"]
[BlackElo "2189"]
[PlyCount "97"]
[EventDate "2018.07.04"]
[EventType "tourn"]
[EventRounds "9"]
[EventCountry "BOL"]
[SourceTitle "EXT 2019"]
[Source "ChessBase"]
[SourceDate "2018.10.10"]
[SourceVersion "1"]
[SourceVersionDate "2018.10.10"]
[SourceQuality "1"]

1. c4 e5 2. e3 Nc6 3. a3 g6 4. Qc2 Bg7 5. Nf3 d6 6. Be2 Nge7 7. Nc3 0-0 8. d3 a5 9. Rb1 h6 10. b4 axb4 11. axb4 Be6 12. 0-0 d5 13. Rd1 Qc8 14. b5 Nb8 15. cxd5 Nxd5 16. Nxd5 Bxd5 17. e4 Be6 18. Bb2 Re8 19. Ra1 Rxa1 20. Rxa1 Bg4 21. Ra8 Bxf3 22. Bxf3 Qd7 23. Qc4 c6 24. Ra5 Rc8 25. h3 h5 26. Qb3 c5 27. Ra7 Rc7 28. Qd5 Qe7 29. Bd1 Rd7 30. Qc4 b6 31. Ra8 Rd8 32. Bb3 Rf8 33. Qa4 Qd6 34. Bd5 Nd7 35. Ra7 Nf6 36. Bc4 Nd7 37. Bc3 Kh7 38. Qa2 f6 39. Qa6 Rb8 40. Bd5 f5 41. Qa4 fxe4 42. Bxe4 Nf6 43. Qc4 Rf8 44. f3 Nxe4 45. Qxe4 Rf5 46. g4 hxg4 47. hxg4 Rg5 48. Bd2 Qd8 49. Qe3 1-0

[Event "BOL-ch sf"]
[Site "Sucre"]
[Date "2018.07.06"]
[Round "6"]
[White "Rozo, Paulo"]
[Black "Parraga, Alejandro"]
[Result "1/2-1/2"]
[WhiteElo "2126"]
[BlackElo "2151"]
[PlyCount "55"]
[EventDate "2018.07.04"]
[EventType "tourn"]
[EventRounds "9"]
[EventCountry "BOL"]
[SourceTitle "EXT 2019"]
[Source "ChessBase"]
[SourceDate "2018.10.10"]
[SourceVersion "1"]
[SourceVersionDate "2018.10.10"]
[SourceQuality "1"]

1. e4 e6 2. d4 d5 3. Nc3 h6 4. Nf3 Nf6 5. e5 Ne4 6. Nxe4 dxe4 7. Ng1 c5 8. c3 cxd4 9. Qxd4 Qxd4 10. cxd4 Nc6 11. Bb5 Bd7 12. Bxc6 Bxc6 13. Ne2 Rd8 14. Bd2 Be7 15. a4 f6 16. Bc3 Kf7 17. h4 g5 18. exf6 Bxf6 19. hxg5 hxg5 20. Kd2 e3+ 21. Kxe3 Bxg2 22. Rxh8 Rxh8 23. Rg1 Bc6 24. a5 Rh4 25. f3 Bd8 26. Rg4 Rh1 27. Ng3 Ra1 28. Ne4 1/2-1/2

[Event "La Paz Clasification op 1st"]
[Site "La Paz"]
[Date "2018.02.03"]
[Round "6"]
[White "Carlo, Daniel"]
[Black "Parraga, Alejandro"]
[Result "0-1"]
[WhiteElo "2065"]
[BlackElo "2106"]
[PlyCount "70"]
[EventDate "2018.02.01"]
[EventType "swiss"]
[EventRounds "8"]
[EventCountry "BOL"]
[SourceTitle "CBM 182 Extra"]
[Source "ChessBase"]
[SourceDate "2018.02.23"]
[SourceVersion "1"]
[SourceVersionDate "2018.02.23"]
[SourceQuality "1"]

1. e4 e6 2. d3 d5 3. Nd2 Nc6 4. Ngf3 Nf6 5. g3 Bc5 6. Bg2 dxe4 7. dxe4 0-0 8. 0-0 e5 9. c3 a5 10. Qc2 b6 11. Nb3 Bd6 12. Nxe5 Bxe5 13. f4 a4 14. Nd2 Ba6 15. Re1 Ng4 16. fxe5 Ncxe5 17. Nf3 Bd3 18. Qd2 Nxf3+ 19. Bxf3 Ne5 20. Bg2 Qe7 21. Qf2 Bb5 22. Bf1 Bxf1 23. Qxf1 a3 24. b4 c5 25. Rb1 Rfd8 26. Bf4 cxb4 27. Bxe5 Qxe5 28. cxb4 Rd2 29. Re2 Rad8 30. Rc1 h5 31. Rxd2 Rxd2 32. Rc8+ Kh7 33. Qxf7 Qd4+ 34. Kf1 Qa1+ 35. Rc1 Qxc1# 0-1

[Event "BOL-ch"]
[Site "Sucre"]
[Date "2018.01.19"]
[Round "6"]
[White "Parraga, Alejandro"]
[Black "Ferrufino, Boris"]
[Result "0-1"]
[WhiteElo "2129"]
[BlackElo "2088"]
[PlyCount "104"]
[EventDate "2018.01.17"]
[EventType "tourn"]
[EventRounds "9"]
[EventCountry "BOL"]
[SourceTitle "EXT 2019"]
[Source "ChessBase"]
[SourceDate "2018.10.10"]
[SourceVersion "1"]
[SourceVersionDate "2018.10.10"]
[SourceQuality "1"]

1. Nf3 Nf6 2. g3 g6 3. c4 Bg7 4. Bg2 d6 5. d4 c5 6. 0-0 0-0 7. Nc3 Nc6 8. d5 Na5 9. Nd2 a6 10. Rb1 b5 11. cxb5 axb5 12. Nxb5 Ba6 13. Nc3 Rb8 14. Qc2 Qc7 15. b3 Rb7 16. Re1 Nd7 17. Bf1 Rfb8 18. Ba3 Nf6 19. e4 Bxf1 20. Rxf1 Qd8 21. Na4 Nd7 22. Bb2 Bxb2 23. Nxb2 Qb6 24. Ndc4 Qa6 25. f4 Nxc4 26. Nxc4 Nb6 27. Ne3 Ra7 28. Rf2 Nd7 29. Re1 Rb4 30. Nc4 Nb6 31. Nxb6 Qxb6 32. Kg2 Rd4 33. f5 Qb4 34. Ree2 Kg7 35. fxg6 hxg6 36. Rf4 f6 37. h4 Ra3 38. Rf3 Ra8 39. Qc3 Rxe4 40. Qd3 Rxe2+ 41. Qxe2 Ra7 42. Re3 Qb7 43. Kh3 Kf7 44. Qd2 Qb4 45. Qe2 Qd4 46. Rd3 Qa1 47. Qe6+ Kg7 48. Re3 Qf1+ 49. Kg4 Kh6 50. Rf3 f5+ 51. Kf4 Qd1 52. Qe3 Ra4+ 0-1

[Event "BOL-ch"]
[Site "Sucre"]
[Date "2018.01.19"]
[Round "5"]
[White "Zambrana, Oswaldo"]
[Black "Parraga, Alejandro"]
[Result "1-0"]
[WhiteElo "2455"]
[BlackElo "2129"]
[PlyCount "77"]
[EventDate "2018.01.17"]
[EventType "tourn"]
[EventRounds "9"]
[EventCountry "BOL"]
[SourceTitle "EXT 2019"]
[Source "ChessBase"]
[SourceDate "2018.10.10"]
[SourceVersion "1"]
[SourceVersionDate "2018.10.10"]
[SourceQuality "1"]

1. e4 c6 2. d4 d5 3. Nd2 dxe4 4. Nxe4 Bf5 5. Ng3 Bg6 6. Nf3 Nd7 7. h4 h6 8. h5 Bh7 9. Bd3 Bxd3 10. Qxd3 Ngf6 11. Bf4 e6 12. 0-0-0 Be7 13. Kb1 0-0 14. Ne4 Nxe4 15. Qxe4 Nf6 16. Qe2 Qd5 17. Ne5 Qe4 18. Qxe4 Nxe4 19. Rhe1 Nf6 20. g4 Rfd8 21. f3 Rac8 22. Bg3 Kf8 23. Bf2 Nd7 24. c4 Bb4 25. Rf1 a6 26. Kc2 b5 27. c5 Nxe5 28. dxe5 Rxd1 29. Rxd1 Ke8 30. f4 Rd8 31. Rd6 Ba5 32. Be3 Rxd6 33. cxd6 Bd8 34. g5 Kf8 35. gxh6 gxh6 36. f5 exf5 37. Bxh6+ Kg8 38. b4 Kh7 39. Bf8 1-0

[Event "BOL-ch"]
[Site "Sucre"]
[Date "2018.01.18"]
[Round "4"]
[White "Parraga, Alejandro"]
[Black "Vera Sanchez, Pavel Genaro"]
[Result "1-0"]
[WhiteElo "2129"]
[BlackElo "2061"]
[PlyCount "117"]
[EventDate "2018.01.17"]
[EventType "tourn"]
[EventRounds "9"]
[EventCountry "BOL"]
[SourceTitle "EXT 2019"]
[Source "ChessBase"]
[SourceDate "2018.10.10"]
[SourceVersion "1"]
[SourceVersionDate "2018.10.10"]
[SourceQuality "1"]

1. Nf3 Nf6 2. d4 g6 3. Bf4 Bg7 4. e3 0-0 5. Be2 b6 6. 0-0 Bb7 7. h3 d6 8. Nbd2 Nbd7 9. Bh2 Ne4 10. c3 e5 11. Nxe4 Bxe4 12. Ba6 Nb8 13. Bc4 d5 14. Bb3 exd4 15. exd4 c5 16. Re1 Nc6 17. dxc5 bxc5 18. Nd2 Bf5 19. Qf3 c4 20. Ba4 Rc8 21. Nxc4 Nd4 22. cxd4 Rxc4 23. Bb3 Rxd4 24. Rad1 Qa5 25. Bf4 Rd3 26. Qe2 Rxd1 27. Rxd1 d4 28. Bd6 d3 29. Qe3 Rd8 30. Qe7 Rc8 31. Qxf7+ Kh8 32. Qe7 Qd8 33. Qxd8+ Rxd8 34. Bc5 Bxb2 35. Bxa7 Kg7 36. f3 g5 37. Kf2 Kf6 38. g4 Bg6 39. Be3 Be5 40. Bb6 Rd6 41. Bc5 Rc6 42. Be3 Bf4 43. Bxf4 gxf4 44. h4 h6 45. Ke1 h5 46. g5+ Ke5 47. Kd2 Kd4 48. Re1 Bf5 49. Re8 Rc7 50. Rd8+ Ke5 51. Rd5+ Ke6 52. Rc5+ Kd6 53. Rxf5 Re7 54. Rxf4 Re2+ 55. Kxd3 Rg2 56. Ke4 Re2+ 57. Kf5 Re5+ 58. Kg6 Ra5 59. Kxh5 1-0

[Event "BOL-ch"]
[Site "Sucre"]
[Date "2018.01.17"]
[Round "2"]
[White "Gemy Vargas, Jose Daniel"]
[Black "Parraga, Alejandro"]
[Result "1-0"]
[WhiteElo "2384"]
[BlackElo "2129"]
[PlyCount "53"]
[EventDate "2018.01.17"]
[EventType "tourn"]
[EventRounds "9"]
[EventCountry "BOL"]
[SourceTitle "EXT 2019"]
[Source "ChessBase"]
[SourceDate "2018.10.10"]
[SourceVersion "1"]
[SourceVersionDate "2018.10.10"]
[SourceQuality "1"]

1. d4 d5 2. c4 c6 3. Nf3 Nf6 4. Nc3 dxc4 5. a4 e6 6. e3 c5 7. Bxc4 Nc6 8. 0-0 Be7 9. Qe2 cxd4 10. Rd1 a6 11. exd4 Nb4 12. Ne5 0-0 13. Qf3 Nfd5 14. Bb3 b6 15. Nxd5 exd5 16. Bd2 Bb7 17. Rac1 a5 18. Bxb4 Bxb4 19. Nc6 Bxc6 20. Rxc6 Rc8 21. Rxc8 Qxc8 22. Qxd5 Qc7 23. g3 g6 24. h4 h5 25. Rd3 Rd8 26. Qg5 Qd6 27. Rf3 1-0

[Event "La Paz Fundacion op"]
[Site "La Paz"]
[Date "2017.10.21"]
[Round "2"]
[White "Coronel, Carlos"]
[Black "Parraga, Alejandro"]
[Result "1/2-1/2"]
[WhiteElo "1738"]
[BlackElo "2138"]
[PlyCount "139"]
[EventDate "2017.10.21"]
[EventType "swiss"]
[EventRounds "6"]
[EventCountry "BOL"]
[SourceTitle "CBM 181 Extra"]
[Source "ChessBase"]
[SourceDate "2017.12.12"]
[SourceVersion "1"]
[SourceVersionDate "2017.12.12"]
[SourceQuality "1"]

1. d4 Nf6 2. Nf3 g6 3. Bg5 Bg7 4. Nbd2 0-0 5. e4 d6 6. h3 c6 7. c3 Nbd7 8. Bd3 Qc7 9. 0-0 e5 10. dxe5 Nxe5 11. Nxe5 dxe5 12. Bc2 b6 13. Qe2 Nh5 14. Rad1 Nf4 15. Qf3 a5 16. Rfe1 Ba6 17. Kh2 h6 18. Bh4 Rae8 19. Nf1 Bc8 20. Ne3 Be6 21. Rd2 f6 22. a3 Rd8 23. Red1 Rxd2 24. Rxd2 Rd8 25. Qd1 Rxd2 26. Qxd2 h5 27. f3 Kf7 28. Bf2 Bf8 29. Qd1 Bc5 30. b4 axb4 31. axb4 Be7 32. Bb3 b5 33. Bxe6+ Nxe6 34. Qb3 Qd8 35. Qc2 Qa8 36. Qb2 Bf8 37. c4 Qa4 38. cxb5 Qxb5 39. Nc2 c5 40. Be1 Qe2 41. Qb3 c4 42. Qc3 Nf4 43. Qd2 Qf1 44. Bg3 Qd3 45. Bxf4 exf4 46. Qf2 Qb3 47. Qd2 c3 48. Qd7+ Be7 49. Qd5+ Qxd5 50. exd5 f5 51. Kg1 Kf6 52. Kf2 Ke5 53. Ke2 Kxd5 54. Kd3 Bf6 55. Na3 g5 56. Nb5 c2 57. Kxc2 Kc4 58. Nd6+ Kxb4 59. Kd3 Kc5 60. Nxf5 Kd5 61. g4 fxg3 62. Nxg3 h4 63. Ne2 Ke5 64. Ke3 Bd8 65. f4+ gxf4+ 66. Nxf4 Bg5 67. Kf3 Bxf4 68. Kg4 Bg3 69. Kf3 Kd4 70. Kg2 1/2-1/2

[Event "La Paz Adalp Cup"]
[Site "La Paz"]
[Date "2017.02.21"]
[Round "2"]
[White "Medrano, Mario"]
[Black "Parraga, Alejandro"]
[Result "1-0"]
[WhiteElo "2040"]
[BlackElo "2135"]
[PlyCount "65"]
[EventDate "2017.02.20"]
[EventType "tourn"]
[EventRounds "11"]
[EventCountry "BOL"]
[SourceTitle "CBM 177 Extra"]
[Source "ChessBase"]
[SourceDate "2017.04.27"]
[SourceVersion "1"]
[SourceVersionDate "2017.04.27"]
[SourceQuality "1"]

1. d4 d5 2. Bf4 Nf6 3. e3 e6 4. Nf3 Be7 5. Bd3 0-0 6. Nbd2 b6 7. c3 c5 8. e4 cxd4 9. Nxd4 Bb7 10. e5 Ne4 11. Qh5 g6 12. Qe2 Nxd2 13. Bxd2 Nc6 14. h4 Nxd4 15. cxd4 f5 16. exf6 Bxf6 17. h5 g5 18. h6 Kh8 19. Qe3 Rc8 20. 0-0 Qd6 21. Rac1 Qf4 22. Qxe6 Qh4 23. Qd7 Qxh6 24. Qxb7 Rxc1 25. Rxc1 Bxd4 26. Bc3 Bxc3 27. Rxc3 Qh4 28. Bf5 Re8 29. Rc8 Rxc8 30. Qxc8+ Kg7 31. Qd7+ Kf8 32. Qd6+ Kg7 33. Qe7+ 1-0

[Event "Olympiad-42"]
[Site "Baku"]
[Date "2016.09.05"]
[Round "4.4"]
[White "Parraga, Alejandro"]
[Black "Al Turky, Fahad A"]
[Result "1-0"]
[WhiteElo "2173"]
[BlackElo "1861"]
[PlyCount "105"]
[EventDate "2016.09.02"]
[EventType "team-swiss"]
[EventRounds "11"]
[EventCountry "AZE"]
[SourceTitle "CBM 175"]
[Source "ChessBase"]
[SourceDate "2016.11.10"]
[SourceVersion "1"]
[SourceVersionDate "2016.11.10"]
[SourceQuality "1"]
[WhiteTeam "Bolivia"]
[BlackTeam "Saudi Arabia"]
[WhiteTeamCountry "BOL"]
[BlackTeamCountry "SAU"]

1. d4 Nf6 2. c4 e6 3. g3 Bb4+ 4. Bd2 Qe7 5. Bg2 d5 6. a3 Bxd2+ 7. Nxd2 0-0 8. Ngf3 b6 9. 0-0 Bb7 10. Rc1 c5 11. cxd5 exd5 12. Re1 Nbd7 13. Nh4 g6 14. dxc5 bxc5 15. Qc2 Rac8 16. e4 d4 17. e5 Nd5 18. Nc4 Ba8 19. Qd2 N7b6 20. Nd6 Rc7 21. Qh6 f5 22. Nb5 Rcc8 23. Nf3 d3 24. Nd2 a6 25. Nd6 Rc7 26. h4 Qg7 27. Qxg7+ Kxg7 28. b3 f4 29. Be4 fxg3 30. fxg3 Nc8 31. Nxc8 Rcxc8 32. Bxd3 Rfd8 33. Bxa6 Rc6 34. Bc4 Ne3 35. Rxe3 Rxd2 36. Rd3 Rb2 37. Rd7+ Kh6 38. Bg8 Kh5 39. Bd5 Rc8 40. Rxh7+ Kg4 41. Be6+ Kxg3 42. Bxc8 Rxb3 43. e6 c4 44. e7 Bc6 45. Rh8 Re3 46. Bb7 Bb5 47. Ba6 Bd7 48. Bxc4 Rxe7 49. Bd3 Re3 50. Bxg6 Rxa3 51. h5 Bc6 52. Rc8 Bb5 53. R8c3+ 1-0